02183cam a2200277 a 4500003000700000005001700007008004100024020003100065040002500096050001500121100002400136245007800160260004600238300002100284336002800305337003000333338002700363500126100390650001901651650001601670650002101686650003001707942001301737999001701750952013801767CBULib20240111095157.0231016b |||||||| |||| 00| 0 eng d a9780199570430 (alk. paper) bEnglishcCBULiberda aBD 541 Ott1 aOtt, Walter R.988610aCausation and laws of nature in early modern philosophy c/ by Walter Ott bOxford University Press,c2009.aOxford : a xii, 260 pages  2rdacontentaText |btxt 2rdamediaaUnmediated |bn 2rdacarrieraVolumebnc aSummary: Some philosophers think physical explanations stand on their own: what happens, happens because things have the properties they do. Others think that any such explanation is incomplete: what happens in the physical world must be partly due to the laws of nature. Causation and Laws of Nature in Early Modern Philosophy examines the debate between these views from Descartes to Hume. Ott argues that the competing models of causation in the period grow out of the scholastic notion of power. On this Aristotelian view, the connection between cause and effect is logically necessary. Causes are 'intrinsically directed' at what they produce. But when the Aristotelian view is faced with the challenge of mechanism, the core notion of a power splits into two models, each of which persists throughout the early modern period. It is only when seen in this light that the key arguments of the period can reveal their true virtues and flaws. To make his case, Ott explores such central topics as intentionality, the varieties of necessity, and the nature of relations. Arguing for controversial readings of many of the canonical figures, the book also focuses on lesser-known writers such as Pierre-Sylvain Régis, Nicolas Malebranche, and Robert Boyle 09149aCAUSATION 0aETHICS9208 09887aNATURAL LAW 09293aPHILOSOPHY OF NATURE 2lccc002 c82944d82944 00102lcc40708MCa001b001cGENd2023-10-16eBook Aid Internationalg130.00l0oBD 541 Ottp752494r2023-10-16t1w2023-10-16y002